| 000 | 00516nam a2200169Ia 4500 | ||
|---|---|---|---|
| 003 | GCL | ||
| 008 | 140319s9999 xx 000 0 eng d | ||
| 040 |
_aGCL / _cGCL |
||
| 082 | 0 | 4 |
_a005.133 _bA T |
| 100 | 1 | _aANDREWS, GREGORY R. | |
| 245 | 1 | 0 |
_aTHE SR PROGAMMING LANGUUGR: CONCURR ENCY IN PRACTICE / _cANDREWS, GREGORY R. |
| 700 | 1 | _aOLSSON,RONANLD A | |
| 260 |
_a[S.N] : _bTHE BENJAMIN\ CUMMINGS PUBLISHING COMPAN ، _c1993 |
||
| 300 | _a344 | ||
| 650 | 0 | 4 | _aSR ( COMPUTER PREGAMMING LANGUAGE ) |
| 942 |
_2ddc _cBK |
||
| 999 |
_c22516 _d22516 |
||